U.S. Urban Areas by Time Zone - Mountain - Statistics

General Stats
  • This quiz has been taken 43 times
  • The average score is 7 of 9
Answer Stats
Population Urban Area % Correct
2,374,203 Denver
97%
3,629,114 Phoenix
95%
843,168 Tucson
95%
741,318 Albuquerque
92%
559,409 Colorado Springs
92%
1,021,243 Salt Lake City
92%
803,086 El Paso
77%
482,819 Provo
59%
546,026 Ogden
44%
No matching quizzes found
Score Distribution
Percent of People with Each Score
Percentile by Number Answered
Your Score History
You have not taken this quiz